000 00894nam a2200265Ia 4500
003 OSt
005 20221005105304.0
006 a|||||r|||| 00| 0
007 ta
008 221004b |||||||| |||| 00| 0 hin d
020 _a9789381772096 (hbk)
_c400
024 _a23966
037 _b61, 30/12/2015, Mallika Books
_cTextual
040 _aCRL
_cCRL
_bhin
041 _2hin
_ahin
082 _aO152,3N4117,AL, Q4
100 _aवर्मा, कृपाल
245 0 _aअपराधी लाल
246 _aAparādhī lāla
260 _aनई दिल्ली
_bकुसुम प्रकाशन भारत
_c2014
300 _a160पृ0
_ccm.
650 _aहिन्दी साहित्य
942 _hO152,3N4117,AL, Q4
_cTEXL
_2cc
999 _c1015376
_d1015376